00497nam a2200157Ia 450000500170000000800460001703700180006304000200008104100130010108400250011410000140013924501260015326000090027930000090028854600420029720250508164918.0008 250505s9999 xx 000 0 hin d aDissertations aFEDLbengcFEDL ahin2eng a375.32, AVA/DIqFEDL aAvadh Raj 0aRajniti vigyan vishye mein vividh prakar ke vidyalayon ke 10+2 ster par pariksha parinam mein anter ke karanon ka addhyan c1999 a90p. aM.Ed. Dissertation (Delhi University)